00258nam a2200097Ia 4500008004100000100002200041245004900063260003200112300000800144650000800152191201s2002 xx 000 0 und d aKALAM,A P J Abdul 0aIgnited Minds Unleashing Power with in India aN.DelhibPenguin Bookc2002 a205 aBBA